| 000 | 00795nam a2200253Ia 4500 | ||
|---|---|---|---|
| 003 | OSt | ||
| 005 | 20221005062038.0 | ||
| 006 | a|||||r|||| 00| 0 | ||
| 007 | ta | ||
| 008 | 221004b |||||||| |||| 00| 0 eng d | ||
| 020 |
_a9780415442251 (hbk) _c6573.05 |
||
| 024 | _a100297 | ||
| 037 |
_b1963/2009-10, 02/03/2010, Pioneer Books Distributors _cTextual |
||
| 040 |
_aCRL _cCRL _beng |
||
| 041 |
_2eng _aeng |
||
| 082 | _aQ6v, Q0 | ||
| 100 |
_aBingham D.Jeffrey Ed. _9601417 |
||
| 245 | 0 | _aRoutledge companion to early christian thought | |
| 260 |
_aLondon _bRoutledge UK _c2010 |
||
| 300 |
_axii,347p. _ccm. |
||
| 650 | _aRELIGION | ||
| 942 |
_hQ6v, Q0 _cTEXL _2cc |
||
| 999 |
_c969133 _d969133 |
||